Statistics for 2023-24 Super League Greece Football Clubs

Click here to take the quiz!

General Stats

  • This quiz has been taken 42 times
  • The average score is 9 of 14

Answer Stats

Football Clubs% Correct
PAOK
97%
Olympiacos
95%
Panathinaikos
95%
Aris
82%
AEK Athens
74%
Lamia
69%
Asteras Tripolis
67%
Volos
62%
OFI
59%
PAS Giannina
56%
Atromitos
54%
Panserraikos
54%
Panetolikos
46%
A.E. Kifisia
8%

Score Distribution

Percentile by Number Answered

Percent of People with Each Score

Your Score History

You have not taken this quiz